[Event "World Rapid 2025"]
[Site "Doha QAT"]
[Date "2025.12.28"]
[Round "10.19"]
[White "Firouzja, Alireza"]
[Black "Meng, Yihan"]
[Result "1/2-1/2"]
[WhiteTitle "GM"]
[BlackTitle "IM"]
[WhiteElo "2762"]
[BlackElo "2456"]
[WhiteFideId "12573981"]
[BlackFideId "8631891"]
[EventDate "2025.12.26"]

1. e4 e6 2. d4 d5 3. e5 c5 4. c3 Nc6 5. Nf3 Bd7 6. Be2 Nge7 7. O-O Nf5 8. dxc5
a5 9. Na3 Bxc5 10. Nb5 O-O 11. Bd3 Nh4 12. Bxh7+ Kxh7 13. Ng5+ Kg6 14. Qg4 Nxe5
15. Qxh4 Bxb5 16. Qg3 Kf5 17. Rd1 Qb6 18. Ne4 f6 19. Qxg7 Bxf2+ 20. Nxf2 Nf3+
21. Kh1 Qxf2 22. Qh7+ Ke5 23. Qc7+ Kf5 24. Qf4+ Kg6 25. Be3 Qh4 26. Qxf3 Rh8 27.
h3 Kf7 28. Bd4 Rag8 29. Rd2 Rg3 30. Bxf6 Qxh3+ 31. gxh3 Rhxh3+ 32. Rh2 Rxf3 33.
Bd4 Rxh2+ 34. Kxh2 Rf1 1/2-1/2

[Event "World Rapid 2025"]
[Site "Doha QAT"]
[Date "2025.12.28"]
[Round "10.20"]
[White "Andreikin, Dmitry"]
[Black "Pichot, Alan"]
[Result "1-0"]
[WhiteTitle "GM"]
[BlackTitle "GM"]
[WhiteElo "2710"]
[BlackElo "2597"]
[WhiteFideId "4158814"]
[BlackFideId "110973"]
[EventDate "2025.12.26"]

1. Nf3 Nf6 2. g3 d5 3. Bg2 e6 4. O-O Be7 5. d3 O-O 6. Nc3 c5 7. e4 Nc6 8. Bf4 d4
9. Ne2 Nd7 10. a4 b6 11. h4 Bb7 12. Bd2 Nde5 13. Nxe5 Nxe5 14. b3 a6 15. Nf4 b5
16. Qh5 Qc7 17. Nh3 c4 18. f4 Nd7 19. axb5 Nf6 20. Qe5 Bd6 21. b6 Qe7 22. Qa5 c3
23. Bc1 Nd7 24. e5 Bb4 25. Ba3 Bxa3 26. Bxb7 Bb4 27. Qa2 Rab8 28. Bxa6 Nxb6 29.
Bc4 Ra8 30. Qb1 Qb7 31. Ng5 Be7 32. Ne4 Rxa1 33. Qxa1 Nxc4 34. bxc4 Ra8 35. Qd1
Ra2 36. Qf3 Qb2 37. f5 Qxc2 38. Nf2 exf5 39. Qxf5 Qe2 40. c5 c2 41. Ne4 Qe3+ 42.
Kh1 h6 43. Qxf7+ Kh8 44. Qxa2 Qxd3 45. Re1 Qd1 46. Qa1 Qf3+ 47. Kh2 d3 48. Qd4
Qd1 49. Qe3 Bxc5 50. Nxc5 d2 51. Rxd1 cxd1=Q 52. Nb3 Qe1 53. Qxd2 Qxe5 54. Qd8+
Kh7 55. Qd3+ Kh8 56. Nd4 1-0

[Event "World Rapid 2025"]
[Site "Doha QAT"]
[Date "2025.12.28"]
[Round "10.21"]
[White "Bai, Jinshi"]
[Black "Santos Latasa, Jaime"]
[Result "1-0"]
[WhiteTitle "GM"]
[BlackTitle "GM"]
[WhiteElo "2599"]
[BlackElo "2616"]
[WhiteFideId "8602280"]
[BlackFideId "2293307"]
[EventDate "2025.12.26"]

1. d4 Nf6 2. c4 e6 3. Nc3 Bb4 4. Qc2 d5 5. a3 Bxc3+ 6. Qxc3 O-O 7. cxd5 Ne4 8.
Qc2 exd5 9. Bf4 Nc6 10. e3 Qe7 11. Bd3 g5 12. Bg3 Nxd4 13. Qxc7 Qxc7 14. Bxc7
Nc5 15. Rd1 Nxd3+ 16. Rxd3 Ne6 17. Be5 f6 18. Bc3 b6 19. f3 Bb7 20. Ne2 Rad8 21.
Kf2 h6 22. h4 Kg7 23. Ng3 Kg6 24. h5+ Kh7 25. Nf5 Ng7 26. g4 Nxf5 27. gxf5 Kg7
28. Rhd1 Rd7 29. a4 Rc7 30. Kg3 Re8 31. a5 bxa5 32. Ra1 Rce7 33. Bd4 Ba6 34. Rc3
Bc4 35. b3 Bb5 36. Rxa5 a6 37. Ra2 Kf7 38. Rc5 Rd8 39. Kg4 Red7 40. Rd2 Ke7 41.
Bc3 Kf7 42. Kg3 Rd6 43. Ba5 R8d7 44. Rd4 Re7 45. e4 Red7 46. exd5 Re7 47. Bb4
Rdd7 48. Re4 Re5 49. Rxe5 fxe5 50. d6 Bd3 51. Rxe5 Bc2 52. Re6 Bxf5 53. Re3 Be6
54. Bc5 a5 55. f4 gxf4+ 56. Kxf4 Rb7 57. Ke5 Bg4 58. Kd5 Kf6 59. Kc6 Rf7 60.
Bd4+ Kg5 61. Re5+ Kh4 62. Rxa5 Bf3+ 63. Kb6 Bxh5 64. Rxh5+ Kxh5 65. Kc6 Rf4 66.
Be5 Rf3 67. d7 Rd3 68. Bd6 Rc3+ 69. Kd5 Rd3+ 70. Ke5 1-0

[Event "World Rapid 2025"]
[Site "Doha QAT"]
[Date "2025.12.28"]
[Round "10.22"]
[White "Yakubboev, Nodirbek"]
[Black "Radjabov, Teimour"]
[Result "0-1"]
[WhiteTitle "GM"]
[BlackTitle "GM"]
[WhiteElo "2691"]
[BlackElo "2692"]
[WhiteFideId "14203987"]
[BlackFideId "13400924"]
[EventDate "2025.12.26"]

1. d4 d5 2. c4 e6 3. Nf3 Nf6 4. Nc3 c5 5. cxd5 cxd4 6. Qa4+ Bd7 7. Qxd4 exd5 8.
Nxd5 Qa5+ 9. Nc3 Nc6 10. Qd1 Ne4 11. Bd2 Nxd2 12. Nxd2 Bb4 13. Rc1 O-O 14. a3
Bxc3 15. Rxc3 Rfd8 16. e3 Rac8 17. Be2 Ne5 18. Nb3 Qb6 19. Qd4 Rxc3 20. Qxc3 f6
21. Nd4 Nc6 22. Nf3 Be6 23. O-O Qb3 24. Rc1 Qxc3 25. Rxc3 a5 26. Kf1 Kf7 27. Ke1
Ke7 28. Nd2 Ne5 29. Rc7+ Rd7 30. Rxd7+ Kxd7 31. f4 Nc6 32. Bb5 Kc7 33. Bxc6 Kxc6
34. Ke2 Kc5 35. Kd3 b5 36. Kc3 b4+ 37. axb4+ axb4+ 38. Kd3 f5 39. e4 fxe4+ 40.
Nxe4+ Kd5 41. Nd2 Bf5+ 42. Ke3 h5 43. g3 g6 44. Nf3 Kc4 45. Kd2 Kd5 46. Ne5 Bb1
47. Ke3 Bf5 48. h3 Bb1 49. g4 hxg4 50. hxg4 g5 51. Nd3 Kc4 52. Nc1 gxf4+ 53.
Kxf4 Kd4 54. Kg5 Ke3 55. Nb3 Kd3 56. Na5 Kc2 57. b3 Ba2 58. Kf4 Bxb3 0-1

[Event "World Rapid 2025"]
[Site "Doha QAT"]
[Date "2025.12.28"]
[Round "10.23"]
[White "Hong, Andrew"]
[Black "Le, Quang Liem"]
[Result "1-0"]
[WhiteTitle "GM"]
[BlackTitle "GM"]
[WhiteElo "2568"]
[BlackElo "2731"]
[WhiteFideId "2099438"]
[BlackFideId "12401137"]
[EventDate "2025.12.26"]

1. e4 e5 2. Nf3 Nc6 3. Bc4 Nf6 4. d3 h6 5. O-O Bc5 6. c3 d6 7. Re1 O-O 8. h3 a5
9. Nbd2 Ba7 10. Bb3 Ne7 11. d4 Ng6 12. Nf1 Re8 13. Ng3 b5 14. a4 b4 15. Be3 bxc3
16. bxc3 Ba6 17. Qd2 Rb8 18. Ba2 Qe7 19. Bxh6 gxh6 20. Qxh6 d5 21. dxe5 Rb2 22.
exf6 Bxf2+ 23. Kh1 Qxf6 24. Nh5 Qh8 25. Qg5 Bxe1 26. Bxd5 Rb6 27. Rxe1 Qxc3 28.
e5 Kf8 29. Rc1 Qd3 30. Rxc7 Re7 31. Rc5 Rb1+ 32. Kh2 Qf1 33. Qf6 Ke8 34. Ng7+
Kf8 35. Nh5 Ke8 36. Bc6+ Kd8 37. Qd6+ 1-0

[Event "World Rapid 2025"]
[Site "Doha QAT"]
[Date "2025.12.28"]
[Round "10.24"]
[White "Kadric, Denis"]
[Black "Ponomariov, Ruslan"]
[Result "1/2-1/2"]
[WhiteTitle "GM"]
[BlackTitle "GM"]
[WhiteElo "2543"]
[BlackElo "2639"]
[WhiteFideId "14403803"]
[BlackFideId "14103320"]
[EventDate "2025.12.26"]

1. e4 c6 2. d4 d5 3. e5 c5 4. dxc5 e6 5. a3 Bxc5 6. Qg4 Ne7 7. Nf3 O-O 8. Bd3 f5
9. exf6 Rxf6 10. Bg5 e5 11. Qh4 e4 12. Bxf6 gxf6 13. Qxf6 exd3 14. Qg5+ Kh8 15.
Qf6+ Kg8 16. Qg5+ Kh8 17. Qf6+ 1/2-1/2

[Event "World Rapid 2025"]
[Site "Doha QAT"]
[Date "2025.12.28"]
[Round "10.25"]
[White "Hakobyan, Aram"]
[Black "Van Foreest, Jorden"]
[Result "1/2-1/2"]
[WhiteTitle "GM"]
[BlackTitle "GM"]
[WhiteElo "2613"]
[BlackElo "2692"]
[WhiteFideId "13306677"]
[BlackFideId "1039784"]
[EventDate "2025.12.26"]

1. d4 Nf6 2. c4 d6 3. Nc3 g6 4. e4 Bg7 5. Be2 e5 6. dxe5 dxe5 7. Qxd8+ Kxd8 8.
f4 Be6 9. Nf3 Nfd7 10. O-O exf4 11. Bxf4 Bxc3 12. bxc3 Na6 13. Rad1 Nc5 14. Ng5
Rc8 15. Be5 Ke7 16. Bxh8 Rxh8 17. Kf2 h6 18. Nxe6 fxe6 19. Ke3 e5 20. h4 Nf6 21.
h5 Rg8 22. hxg6 Rxg6 23. Rf5 Ke6 24. Bf3 Ncxe4 25. Bxe4 Nxe4 26. Rf8 Nxc3 27.
Rdd8 Rg3+ 28. Rf3 Rxg2 29. Re8+ Kd6 30. Rf6+ Kc5 31. Rxe5+ Kb4 32. a3+ Kxc4 33.
Rf4+ Kb3 34. Rb4+ Kxa3 35. Rxb7 Re2+ 36. Kd4 Rxe5 37. Rxa7+ Kb4 38. Kxe5 c5 39.
Rb7+ Kc4 40. Rh7 Kb4 41. Rxh6 c4 42. Rh4 Nb5 43. Kd5 Nc7+ 44. Kc6 Nb5 1/2-1/2

[Event "World Rapid 2025"]
[Site "Doha QAT"]
[Date "2025.12.28"]
[Round "10.26"]
[White "Nogerbek, Kazybek"]
[Black "Harikrishna, Pentala"]
[Result "1-0"]
[WhiteTitle "GM"]
[BlackTitle "GM"]
[WhiteElo "2539"]
[BlackElo "2693"]
[WhiteFideId "13710427"]
[BlackFideId "5007003"]
[EventDate "2025.12.26"]

1. e4 e5 2. Nf3 Nc6 3. Nc3 Nf6 4. Bb5 Bd6 5. d3 h6 6. h3 a6 7. Bc4 Be7 8. a3 d6
9. O-O O-O 10. Re1 Re8 11. Be3 Bf8 12. b4 Ne7 13. d4 Ng6 14. dxe5 dxe5 15. Qxd8
Rxd8 16. Nd5 Be6 17. Nxf6+ gxf6 18. Bxe6 fxe6 19. Red1 Rd6 20. c4 Rad8 21. Rdc1
f5 22. Ra2 Rd3 23. Kf1 Bg7 24. Ke2 Rb3 25. Nd2 Rbd3 26. Nf3 Kf7 27. Rcc2 Ke8 28.
a4 Rb3 29. Rcb2 Rxb2+ 30. Rxb2 fxe4 31. Nd2 Nf4+ 32. Kf1 Rd3 33. g3 Ra3 34. Rb1
Nd3 35. a5 Ra4 36. b5 Rxa5 37. bxa6 b6 38. Nxe4 Rxa6 39. Ke2 Ra3 40. c5 Nxc5 41.
Bxc5 bxc5 42. Rb8+ Ke7 43. Rc8 Ra7 44. Kd3 Kf7 45. Nxc5 Bf8 46. Ne4 Be7 47. Ke2
Ra4 48. Kd3 Rd4+ 49. Ke3 c5 50. Rc7 Rd5 51. Nc3 Rd4 52. Ne4 c4 53. Nd2 Ke8 54.
Nxc4 Bg5+ 55. Ke2 e4 56. Rc6 Kd7 57. Ne5+ Ke7 58. Rc2 Rd5 59. Nc4 Rd3 60. h4 Bf6
61. Nd2 Rd4 62. Ke3 Rd3+ 63. Kxe4 Ra3 64. Rc7+ Kf8 65. Rd7 Rc3 66. Rd3 Rc2 67.
Kf3 Kf7 68. Ne4 Be7 69. Rb3 Ra2 70. Rb7 Kf8 71. Rb3 Kf7 72. Kg4 Ra4 73. Re3 Kg6
74. Kf3 Kf7 75. Rb3 Ra2 76. h5 Ra5 77. Kg4 Ra4 78. Kf3 Ra5 79. g4 Ra7 80. Kf4
Rd7 81. Ke3 Ra7 82. f4 Ra5 83. Kf3 Kf8 84. Nd2 Rc5 85. Rd3 Kf7 86. Ke4 Bf6 87.
Rd7+ Kf8 88. Kd3 Rc3+ 89. Ke2 Be7 90. Nf3 Rc4 91. Ne5 Rc2+ 92. Kd3 Rg2 93. Ng6+
Kf7 94. Rxe7+ Kf6 95. Ke4 e5 96. g5+ 1-0

[Event "World Rapid 2025"]
[Site "Doha QAT"]
[Date "2025.12.28"]
[Round "10.27"]
[White "Rakhmanov, Aleksandr"]
[Black "Anton Guijarro, David"]
[Result "1/2-1/2"]
[WhiteTitle "GM"]
[BlackTitle "GM"]
[WhiteElo "2585"]
[BlackElo "2646"]
[WhiteFideId "4173708"]
[BlackFideId "2285525"]
[EventDate "2025.12.26"]

1. d4 d5 2. c4 e6 3. Nf3 Nf6 4. Qc2 dxc4 5. Qxc4 Be7 6. Bf4 Na6 7. Nc3 O-O 8.
Rd1 Nd5 9. Bd2 c5 10. e3 Nb6 11. Qb3 cxd4 12. exd4 Nb4 13. a3 N4d5 14. Bd3 Bd7
15. Qc2 Nxc3 16. Bxc3 g6 17. Qe2 Nd5 18. Bd2 Rc8 19. O-O Qb6 20. Bh6 Rfd8 21.
Ne5 Be8 22. Rd2 Bf6 23. Re1 Ne7 24. Be3 Nf5 25. Bxf5 exf5 26. h3 Qb5 27. Qd1 Kg7
28. Nf3 Bc6 29. Bg5 Bxg5 30. Nxg5 Qd5 31. Nf3 Qd6 32. Ne5 Be4 33. f3 Bd5 34. Nd3
Qb6 35. Nf4 Bb3 36. Qe2 Re8 37. Qf2 Qd6 38. Rxe8 Rxe8 39. Ne2 Bd5 40. Nc3 a6 41.
Re2 Rd8 42. Qe3 Bc4 43. Rd2 Qb6 44. Qe5+ f6 45. Qe3 Bf7 46. Qf2 Bd5 47. Re2 Bf7
48. Rd2 Bd5 49. Re2 Bf7 50. d5 Qxf2+ 51. Kxf2 Kf8 52. f4 Rd7 53. Rd2 Ke7 54. g4
Kd6 55. gxf5 gxf5 56. Rd3 Rc7 57. Rg3 Rc4 58. Rg7 Bxd5 59. Ke3 Bc6 60. Rxh7 a5
61. h4 b5 62. h5 b4 63. axb4 axb4 64. Ne2 Re4+ 65. Kd2 Bb5 66. Ng3 Rxf4 67. h6
Rd4+ 68. Ke1 Ke6 69. Rb7 Bd7 70. Rb6+ Kf7 71. Nh5 Rh4 72. Nxf6 Be6 73. Ne8 Rxh6
74. Nd6+ Kf6 75. Rxb4 Ke5 76. Nc4+ Kd4 77. Nd2+ Kd3 78. Rb6 Rh1+ 79. Nf1 Bd5 80.
Kf2 Rh4 81. Rd6 Rf4+ 82. Ke1 Re4+ 83. Kf2 Rf4+ 84. Ke1 Re4+ 85. Kf2 Rf4+ 86. Ke1
Re4+ 1/2-1/2

[Event "World Rapid 2025"]
[Site "Doha QAT"]
[Date "2025.12.28"]
[Round "10.28"]
[White "Karthik, Venkataraman"]
[Black "Lu, Shanglei"]
[Result "0-1"]
[WhiteTitle "GM"]
[BlackTitle "GM"]
[WhiteElo "2589"]
[BlackElo "2643"]
[WhiteFideId "25006479"]
[BlackFideId "8603332"]
[EventDate "2025.12.26"]

1. e4 c5 2. Nc3 Nc6 3. Nf3 e6 4. d4 cxd4 5. Nxd4 Nf6 6. Bf4 Bb4 7. Nb5 Nxe4 8.
Nc7+ Kf8 9. Qf3 d5 10. O-O-O Bxc3 11. bxc3 e5 12. Nxd5 f5 13. Bc4 exf4 14. Qxf4
Qg5 15. Qxg5 Nxg5 16. Nc7 Rb8 17. Rhe1 g6 18. f3 h5 19. Rd6 Kg7 20. Ne8+ Kh6 21.
h4 Ne4 22. fxe4 Rxe8 23. Bf7 Re7 24. Bxg6 Re6 25. Rxe6 Bxe6 26. exf5 Bxa2 27.
Be8 Rc8 28. f6 Rc7 29. Rd1 Bf7 30. Bd7 Kg6 31. g4 Ne5 32. gxh5+ Kxh5 33. Bf5
Kxh4 34. Re1 Rc5 35. Be4 b6 36. Rg1 Rxc3 37. Bh1 Ng4 38. Kb2 Rc7 39. Rf1 Rxc2+ 0-1

[Event "World Rapid 2025"]
[Site "Doha QAT"]
[Date "2025.12.28"]
[Round "10.29"]
[White "Sanal, Vahap"]
[Black "Alekseenko, Kirill"]
[Result "1-0"]
[WhiteTitle "GM"]
[BlackTitle "GM"]
[WhiteElo "2546"]
[BlackElo "2659"]
[WhiteFideId "6300545"]
[BlackFideId "4135539"]
[EventDate "2025.12.26"]

1. e4 c5 2. Nf3 d6 3. Bb5+ Bd7 4. a4 Nc6 5. O-O Nf6 6. Re1 a6 7. Bxc6 Bxc6 8. e5
dxe5 9. Nxe5 Qd5 10. Nxc6 Qxc6 11. d3 e6 12. a5 Bd6 13. Nd2 O-O-O 14. Qf3 Qc7
15. h3 Bh2+ 16. Kh1 Bf4 17. Nc4 Bxc1 18. Raxc1 Kb8 19. c3 Rd5 20. b4 Rhd8 21. d4
Rf5 22. Qe2 cxd4 23. cxd4 Qf4 24. Ne5 Qxf2 25. Qc4 Nd5 26. Rf1 Qd2 27. Rxf5 exf5
28. Nxf7 Re8 29. Nd6 Re1+ 30. Rxe1 Qxe1+ 31. Kh2 Qe6 32. Qc5 f4 33. b5 f3 34.
bxa6 f2 35. axb7 Nc7 36. a6 Qa2 37. Nb5 f1=N+ 38. Kg1 1-0

[Event "World Rapid 2025"]
[Site "Doha QAT"]
[Date "2025.12.28"]
[Round "10.30"]
[White "Mendonca, Leon Luke"]
[Black "Sargsyan, Shant"]
[Result "1-0"]
[WhiteTitle "GM"]
[BlackTitle "GM"]
[WhiteElo "2615"]
[BlackElo "2665"]
[WhiteFideId "35028561"]
[BlackFideId "13306766"]
[EventDate "2025.12.26"]

1. d4 Nf6 2. c4 e6 3. Nf3 d5 4. g3 Be7 5. Bg2 O-O 6. O-O dxc4 7. Qc2 a6 8. Rd1
b5 9. Ne5 c6 10. b3 cxb3 11. axb3 Bb7 12. Bb2 Qb6 13. Nd2 Nbd7 14. Nxc6 Bd6 15.
Ne4 Nxe4 16. Qxe4 Rac8 17. d5 e5 18. Qf5 Rc7 19. Nxe5 Nxe5 20. Bxe5 Re7 21. Bd4
Qd8 22. e3 Bc8 23. Qh5 f5 24. Rdc1 Bb7 25. Qg5 Qd7 26. h4 Qe8 27. h5 h6 28. Qg6
Qxg6 29. hxg6 Rd8 30. f4 Red7 31. Rc6 Bb4 32. Kf2 a5 33. Rb6 Bxd5 34. Bxd5+ Rxd5
35. Rc1 Bf8 36. Rc7 a4 37. bxa4 bxa4 38. Rbb7 R5d6 39. Bxg7 Rxg6 40. Bxf8 Rxf8
41. Ra7 Re8 42. Rxa4 Rge6 43. Ra3 R8e7 44. Rc5 Rf7 45. Raa5 Rfe7 46. Re5 Rxe5
47. Rxe5 Rf7 48. Kg2 Kg7 49. Kh3 h5 50. Re6 Rf6 51. Rxf6 Kxf6 52. Kh4 Kg6 53.
Kh3 Kf7 54. Kg2 Ke6 55. Kf3 Kd5 56. e4+ fxe4+ 57. Ke3 Ke6 58. Kxe4 Kf6 59. f5
Kg5 60. Ke5 Kg4 61. f6 Kxg3 62. f7 h4 63. f8=Q h3 64. Qf1 1-0

[Event "World Rapid 2025"]
[Site "Doha QAT"]
[Date "2025.12.28"]
[Round "10.31"]
[White "Moussard, Jules"]
[Black "Jumabayev, Rinat"]
[Result "1-0"]
[WhiteTitle "GM"]
[BlackTitle "GM"]
[WhiteElo "2600"]
[BlackElo "2560"]
[WhiteFideId "642908"]
[BlackFideId "13702661"]
[EventDate "2025.12.26"]

1. e4 e5 2. Nf3 Nc6 3. Bb5 Nf6 4. d3 Bc5 5. Bxc6 dxc6 6. O-O Nd7 7. Nbd2 O-O 8.
Nc4 Re8 9. a4 Bd6 10. Be3 Nf8 11. Kh1 c5 12. Ng1 Be6 13. b3 f5 14. exf5 Bxf5 15.
f3 Ne6 16. Ne2 Bg6 17. Ng3 Qd7 18. Ne4 Nd4 19. Bf2 b6 20. Qd2 Rab8 21. Rae1 a6
22. f4 Nc6 23. a5 Bxe4 24. dxe4 b5 25. Nxe5 Nxe5 26. fxe5 Rxe5 27. Bg3 Rbe8 28.
Bxe5 Rxe5 29. Qd3 g6 30. c4 b4 31. Qf3 Qe6 32. Re2 Kg7 33. Rd2 Qe7 34. Re2 h5
35. g3 Qe6 36. Kg2 Be7 37. Rd1 c6 38. h4 g5 39. hxg5 Rxg5 40. Rh1 Kg6 41. e5 Rg4
42. Re4 Rg5 43. Rhh4 Qf5 44. Rhf4 Qe6 45. Re2 Kg7 46. Qe4 Kh6 47. Kh2 Rg6 48.
Ref2 h4 49. g4 Bd8 50. Rf5 Bg5 51. Rxg5 1-0

[Event "World Rapid 2025"]
[Site "Doha QAT"]
[Date "2025.12.28"]
[Round "10.32"]
[White "Iturrizaga Bonelli, Eduardo"]
[Black "Zemlyanskii, Ivan"]
[Result "0-1"]
[WhiteTitle "GM"]
[BlackTitle "GM"]
[WhiteElo "2592"]
[BlackElo "2592"]
[WhiteFideId "3901211"]
[BlackFideId "24249971"]
[EventDate "2025.12.26"]

1. c4 e5 2. Nc3 Bb4 3. Nd5 Be7 4. Nf3 d6 5. g3 c6 6. Nxe7 Nxe7 7. Bg2 O-O 8. O-O
f6 9. d3 d5 10. b3 Be6 11. Ba3 a5 12. Qc2 Na6 13. Rfc1 Re8 14. e4 d4 15. c5 Nc8
16. Nh4 Na7 17. Nf5 Nb5 18. Bb2 Qd7 19. a4 Nb4 20. Qd1 Nc3 21. Bxc3 dxc3 22.
Rxc3 Bxf5 23. exf5 Qxf5 24. Be4 Qe6 25. Qf3 Rad8 26. Rc4 g6 27. g4 Rf8 28. Qg3
Kh8 29. Rd1 f5 30. Bg2 e4 31. Qc7 Rxd3 32. Re1 Nd5 33. Qxa5 Rxb3 34. Rd4 Qe5 35.
Qd2 Nf6 36. Rd8 Rxd8 37. Qxd8+ Kg7 38. gxf5 gxf5 39. h3 Qxc5 40. Rd1 Rb2 41.
Qc7+ Kg6 42. Qg3+ Kf7 43. Qc7+ Qe7 44. Qf4 Qe6 45. Qc7+ Qe7 46. Qf4 Ke6 47. Qc1
Rb4 48. Bf1 Nd5 49. Qh6+ Ke5 50. a5 e3 51. fxe3 Rh4 52. Rxd5+ Kxd5 53. e4+ Rxe4
54. Bg2 Kc5 55. Bxe4 fxe4 56. Qe3+ Kc4 57. Qe2+ Kb4 58. a6 bxa6 59. Qxa6 Qc5+
60. Kg2 Qc2+ 61. Kg1 Qd1+ 62. Kh2 Qd2+ 63. Kg1 Qd4+ 64. Kg2 c5 65. Qb6+ Kc3 66.
Qa5+ Kd3 67. Qa3+ Ke2 68. Qa2+ Ke1 69. Qb1+ Qd1 0-1

[Event "World Rapid 2025"]
[Site "Doha QAT"]
[Date "2025.12.28"]
[Round "10.33"]
[White "Gan-Erdene, Sugar"]
[Black "Chigaev, Maksim"]
[Result "1-0"]
[WhiteTitle "IM"]
[BlackTitle "GM"]
[WhiteElo "2444"]
[BlackElo "2626"]
[WhiteFideId "4902980"]
[BlackFideId "4108116"]
[EventDate "2025.12.26"]

1. e4 e5 2. Nf3 Nc6 3. Bc4 d6 4. c3 f5 5. d3 Qf6 6. O-O Nge7 7. b4 f4 8. d4 g5
9. dxe5 dxe5 10. Ne1 g4 11. Nd3 Ng6 12. Na3 Bd6 13. Nb5 a6 14. Nxd6+ cxd6 15. a4
Be6 16. Bd5 f3 17. Ne1 Bxd5 18. Qxd5 Nge7 19. Qd3 Qg6 20. Ba3 b5 21. Bc1 Rd8 22.
axb5 axb5 23. Ra6 O-O 24. Rxc6 Nxc6 25. Qd5+ Kh8 26. Qxc6 Rc8 27. Qxb5 Rxc3 28.
Bd2 fxg2 29. Nxg2 Rh3 30. Qd7 Qxe4 31. Qxd6 Qf5 32. Bh6 Rg8 33. Ne3 1-0

[Event "World Rapid 2025"]
[Site "Doha QAT"]
[Date "2025.12.28"]
[Round "10.34"]
[White "Kozak, Adam"]
[Black "Dudin, Gleb"]
[Result "0-1"]
[WhiteTitle "GM"]
[BlackTitle "GM"]
[WhiteElo "2546"]
[BlackElo "2585"]
[WhiteFideId "753246"]
[BlackFideId "34184934"]
[EventDate "2025.12.26"]

1. d4 Nf6 2. c4 e6 3. Nc3 d5 4. cxd5 exd5 5. Bg5 c6 6. e3 h6 7. Bf4 Bf5 8. Nge2
Bd6 9. Ng3 Be6 10. Bd3 O-O 11. O-O Re8 12. Bc2 Bf8 13. Qd3 Nbd7 14. Be5 g6 15.
f4 Ng4 16. h3 Ngxe5 17. fxe5 Qg5 18. e4 Nb6 19. exd5 cxd5 20. Nce2 Nc4 21. Nf4
Rac8 22. Rf2 Nxe5 23. dxe5 Bc5 24. Nfe2 h5 25. Bb3 h4 26. Nh1 Qxe5 27. Nc3 Rcd8
28. Ba4 Re7 29. Rd1 Bf5 30. Qf3 d4 31. Bc2 0-1

[Event "World Rapid 2025"]
[Site "Doha QAT"]
[Date "2025.12.28"]
[Round "10.35"]
[White "Aravindh, Chithambaram VR."]
[Black "Madaminov, Mukhiddin"]
[Result "1-0"]
[WhiteTitle "GM"]
[BlackTitle "GM"]
[WhiteElo "2703"]
[BlackElo "2552"]
[WhiteFideId "5072786"]
[BlackFideId "14210703"]
[EventDate "2025.12.26"]

1. c4 e6 2. Nc3 d5 3. d4 Nf6 4. cxd5 exd5 5. Bg5 c6 6. e3 Bd6 7. Bd3 O-O 8. Nge2
Re8 9. h3 Nbd7 10. Qc2 Nf8 11. O-O-O b5 12. Kb1 Be7 13. Bf4 a5 14. g4 Ba6 15. f3
a4 16. Ng3 g6 17. h4 Qa5 18. Nce2 b4 19. Bxa6 b3 20. Qxc6 Rxa6 21. Bc7 bxa2+ 22.
Kxa2 Qb4 23. Qxa6 Qb3+ 24. Kb1 a3 25. Rd2 axb2 26. Rd3 Qb4 27. Nc3 Ne6 28. Na2
Qc4 29. Qxc4 dxc4 30. Rd2 Nxc7 31. Rxb2 Ba3 32. Rb7 Bd6 33. Nf1 Ne6 34. Nc3 h6
35. Nd2 Ra8 36. Nxc4 Bg3 37. Ne4 Nxe4 38. fxe4 Ra4 39. Nd2 Ra3 40. Rb3 Ra4 41.
e5 Kg7 42. Ne4 Bxe5 43. Nc3 Nxd4 44. exd4 Rxd4 45. Rg1 Rd2 46. h5 g5 47. Ne4 Rd4
48. Ng3 Rxg4 49. Nf5+ Kf6 50. Rxg4 Kxf5 51. Rg1 f6 52. Kc2 Kf4 53. Kd2 f5 54.
Rb4+ Kf3 55. Rf1+ Kg3 56. Rxf5 Bd6 57. Rc4 g4 58. Rf6 Be7 59. Rg6 1-0

[Event "World Rapid 2025"]
[Site "Doha QAT"]
[Date "2025.12.28"]
[Round "10.36"]
[White "Amar, Elham"]
[Black "Theodorou, Nikolas"]
[Result "1/2-1/2"]
[WhiteTitle "GM"]
[BlackTitle "GM"]
[WhiteElo "2592"]
[BlackElo "2652"]
[WhiteFideId "1533533"]
[BlackFideId "4262875"]
[EventDate "2025.12.26"]

1. e4 c5 2. Nf3 Nc6 3. Bb5 e6 4. O-O Nd4 5. Nxd4 cxd4 6. c3 Bc5 7. Na3 Nf6 8. e5
Nd5 9. Nc2 Qh4 10. cxd4 Bb6 11. d3 O-O 12. Bc4 Ne7 13. Be3 f5 14. f4 d5 15. exd6
Nd5 16. Qf3 Kh8 17. Bf2 Qd8 18. Bxd5 exd5 19. Qxd5 Bd7 20. Qxb7 Bb5 21. Qf3 Qxd6
22. d5 Rad8 23. Na3 Ba6 24. Nc4 Bxf2+ 25. Rxf2 Qc5 26. Qe3 Qxd5 27. Ne5 Bb7 28.
b3 g5 29. fxg5 f4 30. Qe2 Rde8 31. Re1 Kg8 32. d4 Qxd4 33. Qc4+ Qxc4 34. bxc4
Rf5 35. Nd3 Rxe1+ 36. Nxe1 Rxg5 37. Rxf4 Ra5 38. Rf2 Be4 39. Rb2 Ra4 40. c5 Rc4
41. Re2 Bb1 42. Re8+ Kf7 43. Ra8 Rxc5 44. Rxa7+ Kf6 45. a4 Be4 46. Kf2 Rc1 47.
a5 Ra1 48. Nf3 h5 49. h4 Ra2+ 50. Kg3 Bd5 51. Ra6+ Kg7 52. Ra7+ Kf6 53. a6 Bc4
54. Rh7 Kg6 55. Rc7 Bxa6 56. Rc6+ Kg7 57. Rc7+ Kf6 58. Ra7 Bc4 59. Rxa2 Bxa2 60.
Kf4 Bd5 61. Ne1 Bc6 62. g3 Bb7 63. Nd3 Bd5 64. Nc5 Bc6 65. Nd3 Bb7 66. Ke3 Kf5
67. Nf4 Kg4 68. Kf2 Ba6 69. Nd5 Kf5 70. Ne3+ Ke4 71. Ng2 Bc4 72. Nf4 Bf7 73. Nh3
Be8 74. Ng5+ Kf5 75. Nf3 Ke4 76. Nd2+ Kd3 77. Nb3 Ke4 78. Nc5+ Kd5 79. Nd3 1/2-1/2

[Event "World Rapid 2025"]
[Site "Doha QAT"]
[Date "2025.12.28"]
[Round "10.37"]
[White "Tabatabaei, M. Amin"]
[Black "Movahed, Sina"]
[Result "0-1"]
[WhiteTitle "GM"]
[BlackTitle "GM"]
[WhiteElo "2700"]
[BlackElo "2596"]
[WhiteFideId "12521213"]
[BlackFideId "42520835"]
[EventDate "2025.12.26"]

1. d4 Nf6 2. Nf3 g6 3. g3 Bg7 4. Bg2 O-O 5. O-O d6 6. Nc3 d5 7. Re1 Bf5 8. Nh4
Bg4 9. Bg5 Nc6 10. Bxf6 Bxf6 11. Nxd5 Bxd4 12. c3 Bg7 13. Qa4 Bd7 14. Rad1 a5
15. Qb3 e6 16. Ne3 Qc8 17. a4 Rd8 18. Nf3 Rb8 19. h4 Ne7 20. Nd4 Be8 21. Nb5 c6
22. Nd6 Qc7 23. Nec4 b6 24. Rd3 Nd5 25. Nxe8 Rxe8 26. e4 Nf6 27. Red1 b5 28. Nd6
Rf8 29. Bf3 bxa4 30. Qa2 Nd7 31. Ne8 Rfxe8 32. Rxd7 Qb6 33. Qxa4 Qxb2 34. Qxa5
Rf8 35. R7d3 Rb3 36. e5 Rb5 37. Qc7 Rc5 38. Re1 Rxc3 39. Rxc3 Qxc3 40. Re3 Qc1+
41. Kg2 c5 42. h5 Bh6 43. Rd3 c4 44. Rd4 c3 45. Rc4 Bd2 46. Rc6 Qe1 47. h6 Bxh6
48. Rxc3 Bg5 49. Rd3 h5 50. Rd4 Qa1 51. Rb4 Kg7 52. Be2 Qe1 53. Re4 Rd8 54. Bf3
Qd2 55. Re2 Qd4 56. Re4 Qb2 57. Re2 Qa1 58. Rc2 h4 59. gxh4 Bxh4 60. Rc4 Bg5 61.
Rg4 Rh8 62. Kg3 Rh5 63. Qc5 Bh6 64. Be4 Qg1+ 65. Bg2 Qh2+ 66. Kf3 Rf5+ 67. Ke4 0-1